000 00653nam a2200277Ia 4500
005 20260324134016.0
008 008 260324s9999 xx 000 0 eng d
020 _a9780429122798
037 _aEBOOK
040 _aCRL
040 _beng
040 _cCRL
041 _2eng
041 _aeng
084 _qCRL
100 _aRanee K. Brylinski; Goong Chen
_91195231
245 0 _aMathematics of Quantum Computation
260 _bTaylor and Francis
260 _c2002
365 _a
365 _b385
856 _uhttp://www.taylorfrancis.com/books/9780429122798
942 _cEBOOK
999 _c1794855
_d1794855